|
|
|
|
| LEADER |
02198nam a2200589 4500 |
| 001 |
ocn873995617 |
| 003 |
OCoLC |
| 005 |
20170124071739.1 |
| 006 |
m o d |
| 007 |
cr cn||||||||| |
| 008 |
131217s2014 gw a ob 000 0 eng d |
| 040 |
|
|
|a COO
|b eng
|e rda
|e pn
|c COO
|d OCLCO
|d DG1
|d OCLCF
|d OCLCQ
|d DEBBG
|d GrThAP
|
| 019 |
|
|
|a 961556691
|a 962564782
|
| 020 |
|
|
|a 9783433603987
|q (electronic bk.)
|
| 020 |
|
|
|a 3433603987
|q (electronic bk.)
|
| 020 |
|
|
|a 9783433603970
|q (electronic bk.)
|
| 020 |
|
|
|a 3433603979
|q (electronic bk.)
|
| 020 |
|
|
|a 3433030367
|
| 020 |
|
|
|a 9783433030363
|
| 020 |
|
|
|z 9783433030363
|
| 020 |
|
|
|z 9783433604007
|
| 020 |
|
|
|z 3433604002
|
| 020 |
|
|
|z 9783433603994
|
| 020 |
|
|
|z 3433603995
|
| 029 |
1 |
|
|a CHBIS
|b 010259575
|
| 029 |
1 |
|
|a CHVBK
|b 325944210
|
| 029 |
1 |
|
|a DEBBG
|b BV043396616
|
| 035 |
|
|
|a (OCoLC)873995617
|z (OCoLC)961556691
|z (OCoLC)962564782
|
| 050 |
|
4 |
|a TA730
|b .R436 2014eb
|
| 082 |
0 |
4 |
|a 624.152
|
| 049 |
|
|
|a MAIN
|
| 245 |
0 |
0 |
|a Recommendations on excavations :
|b EAB /
|c published by the German Geotechnical Society (Deutsche Gesellschaft für Geotechnik e.V., DGGT).
|
| 250 |
|
|
|a Third edition.
|
| 264 |
|
1 |
|a Berlin, Germany :
|b Ernst & Sohn,
|c 2014.
|
| 264 |
|
4 |
|c ©2014
|
| 300 |
|
|
|a 1 online resource (325 pages) :
|b illustrations
|
| 336 |
|
|
|a text
|b txt
|2 rdacontent
|
| 337 |
|
|
|a computer
|b c
|2 rdamedia
|
| 338 |
|
|
|a online resource
|b cr
|2 rdacarrier
|
| 500 |
|
|
|a Translation of the 5th German edition.
|
| 504 |
|
|
|a Includes bibliographical references.
|
| 588 |
0 |
|
|a Online resource; title from PDF title page (ebrary, viewed December 17, 2013).
|
| 650 |
|
0 |
|a Excavation.
|
| 650 |
|
0 |
|a Excavation
|x Standards.
|
| 650 |
|
7 |
|a Excavation.
|2 fast
|0 (OCoLC)fst00917552
|
| 650 |
|
7 |
|a Excavation
|x Standards.
|2 fast
|0 (OCoLC)fst00917563
|
| 655 |
|
4 |
|a Electronic books.
|
| 655 |
|
0 |
|a Electronic books.
|
| 710 |
2 |
|
|a Deutsche Gesellschaft für Erd- und Grundbau.
|
| 776 |
0 |
8 |
|i Print version:
|t Recommendations on excavations : EAB.
|d Berlin, Germany : Ernst & Sohn, ©2014.
|b Third edition.
|h xvii, 305 pages
|z 9783433030363
|
| 856 |
4 |
0 |
|u https://doi.org/10.1002/9783433603970
|z Full Text via HEAL-Link
|
| 994 |
|
|
|a 92
|b DG1
|